Rektifikácia etanolu s adsorpčným sušením destilátu

Salvato in:
Dettagli Bibliografici
Autore principale: Kvasniak, Šimon (Autore)
Altri autori: Markoš, Jozef (Relatore della tesi)
Natura: Manoscritto Libro
Lingua:slovacco
Pubblicazione: 2015
Soggetti:
Accesso online:http://is.stuba.sk/zp/portal_zp.pl?podrobnosti=101618
Tags: Aggiungi Tag
Nessun Tag, puoi essere il primo ad aggiungerne!!

MARC

LEADER 00000ntm a22000003a 4500
001 stuzp53064
003 SK-STU
005 20160719154352.3
007 ta
008 150427s2015----xo-----f-mn---000-0-slo-d
040 |a STU  |b slo 
041 0 |a slo 
100 1 |a Kvasniak, Šimon  |u 046230  |4 aut  |U FCHPT Ústav chemického a environmentálneho inžinierstva  |T FCHPT Oddelenie chemického a biochemického inžinierstva  |X 61052  |U C6230  |Y 119  |7 61052 
242 0 1 |a The Rectification of Ethanol with Adsorptive Drying of Distillate  |y eng 
245 1 0 |a Rektifikácia etanolu s adsorpčným sušením destilátu 
260 |c 2015 
650 4 |a Rektifikácia  |2 slo 
650 4 |a Adsorpcia  |2 slo 
650 4 |a Matematický model  |2 slo 
650 4 |a Modelovanie a simulácia  |2 slo 
650 4 |a Návrh technológie  |2 slo 
650 4 |a Modeling and simulation  |2 eng 
650 4 |a Technology draft  |2 eng 
650 4 |a Rectification  |2 eng 
650 4 |a Adsorption  |2 eng 
650 4 |a Mathematical model  |2 eng 
700 1 |a Markoš, Jozef  |4 ths  |X 3883  |7 A000003883 
856 4 |u http://is.stuba.sk/zp/portal_zp.pl?podrobnosti=101618 
SQL |a stuzp53064  |b DBP  |c SLO  |d Rektifikácia etanolu s adsorpčným sušením destilátu  |e 61052  |f Kvasniak, Šimon  |g 046230  |h 3883  |i Markoš, Jozef  |j 20150714  |k 106  |l 04  |m http://is.stuba.sk/zp/portal_zp.pl?podrobnosti=101618  |n B-CHI  |o 5.2.17. chemické inžinierstvo